| 000 | 00513nam a22002057a 4500 | ||
|---|---|---|---|
| 001 | T027600001169 | ||
| 008 | 181111b xve|||||r|||| 00| | esp d | ||
| 020 | _a980-01-1278-2 | ||
| 099 |
_a320 _bS228 _cCota Rep. 1 |
||
| 100 | _aSanoja, Mario | ||
| 245 | _aRazones para una revolución. | ||
| 260 | _a2005 | ||
| 300 | _a162 | ||
| 500 | _a | ||
| 650 | _aCambio social en Venezuela. | ||
| 650 | _aBases del cambio social. | ||
| 650 | _aIntegración regional. | ||
| 700 |
_aVargas, Iraida. _e |
||
| 942 | _cLIB | ||
| 999 |
_c2345 _d2345 |
||